Hướng dẫn học Tiếng Việt 4: Sách thử nghiệm Tập 1A
v.v...
Đã lưu trong:
| Tác giả chính: | |
|---|---|
| Định dạng: | Sách |
| Năm xuất bản: |
H.:
Giáo dục Việt Nam,
2015
|
| Phiên bản: | Tái bản lần thứ 2 |
| Series: | Dự án mô hình trường học mới Việt Nam
|
| Chủ đề: | |
| Tags: |
Thêm thẻ
Không có thẻ, Hãy là người đầu tiên gắn thẻ bản ghi này!
|
| LEADER | 06314nam a2200517 4500 | ||
|---|---|---|---|
| 999 | |c 12854 |d 12854 | ||
| 082 | |a 372.6 |b H561d | ||
| 100 | |a Vụ giáo dục Tiểu học | ||
| 245 | |a Hướng dẫn học Tiếng Việt 4: |b Sách thử nghiệm |c Vụ giáo dục Tiểu học |n Tập 1A | ||
| 250 | |a Tái bản lần thứ 2 | ||
| 260 | |a H.: |b Giáo dục Việt Nam, |c 2015 | ||
| 300 | |a 168tr.; |c 24cm. | ||
| 490 | |a Dự án mô hình trường học mới Việt Nam | ||
| 520 | |a v.v... | ||
| 653 | |a Tiếng Việt | ||
| 942 | |2 ddc |c STK | ||
| 952 | |0 0 |1 0 |2 ddc |4 0 |6 372_600000000000000 |7 0 |8 300 |9 106637 |a qbu |b qbu |c D2 |d 2016-04-11 |g 28900 |o 372.6 |p 11867.c1 |w 2016-04-11 |y STK |0 0 |6 372_600000000000000 |0 0 |6 495_922000000000000_H561D | ||
| 952 | |0 0 |1 0 |2 ddc |4 0 |6 372_600000000000000 |7 0 |8 300 |9 106638 |a qbu |b qbu |c D2 |d 2016-04-11 |g 28900 |l 1 |o 372.6 |p 11867.c2 |r 2017-02-24 |s 2017-02-07 |w 2016-04-11 |y STK |0 0 |6 372_600000000000000 |0 0 |6 495_922000000000000_H561D | ||
| 952 | |0 0 |1 0 |2 ddc |4 0 |6 372_600000000000000 |7 0 |8 300 |9 106639 |a qbu |b qbu |c D2 |d 2016-04-11 |g 28900 |o 372.6 |p 11867.c3 |w 2016-04-11 |y STK |0 0 |6 372_600000000000000 |0 0 |6 495_922000000000000_H561D | ||
| 952 | |0 0 |1 0 |2 ddc |4 0 |6 372_600000000000000 |7 0 |8 300 |9 106640 |a qbu |b qbu |c D2 |d 2016-04-11 |g 28900 |l 2 |o 372.6 |p 11867.c4 |r 2019-04-26 |s 2019-04-12 |w 2016-04-11 |y STK |0 0 |6 372_600000000000000 |0 0 |6 495_922000000000000_H561D | ||
| 952 | |0 0 |1 0 |2 ddc |4 0 |6 372_600000000000000 |7 0 |8 300 |9 106641 |a qbu |b qbu |c D2 |d 2016-04-11 |g 28900 |o 372.6 |p 11867.c5 |w 2016-04-11 |y STK |0 0 |6 372_600000000000000 |0 0 |6 495_922000000000000_H561D | ||
| 952 | |0 0 |1 0 |2 ddc |4 0 |6 372_600000000000000 |7 0 |8 300 |9 106642 |a qbu |b qbu |c D2 |d 2016-04-11 |g 28900 |o 372.6 |p 11867.c6 |w 2016-04-11 |y STK |0 0 |6 372_600000000000000 |0 0 |6 495_922000000000000_H561D | ||
| 952 | |0 0 |1 0 |2 ddc |4 0 |6 372_600000000000000 |7 0 |8 300 |9 106643 |a qbu |b qbu |c D2 |d 2016-04-11 |g 28900 |o 372.6 |p 11867.c7 |w 2016-04-11 |y STK |0 0 |6 372_600000000000000 |0 0 |6 495_922000000000000_H561D | ||
| 952 | |0 0 |1 0 |2 ddc |4 0 |6 372_600000000000000 |7 0 |8 300 |9 106644 |a qbu |b qbu |c D2 |d 2016-04-11 |g 28900 |o 372.6 |p 11867.c8 |w 2016-04-11 |y STK |0 0 |6 372_600000000000000 |0 0 |6 495_922000000000000_H561D | ||
| 952 | |0 0 |1 0 |2 ddc |4 0 |6 372_600000000000000 |7 0 |8 300 |9 106645 |a qbu |b qbu |c D2 |d 2016-04-11 |g 28900 |l 1 |o 372.6 |p 11867.c9 |r 2017-12-11 |s 2017-12-06 |w 2016-04-11 |y STK |0 0 |6 372_600000000000000 |0 0 |6 495_922000000000000_H561D | ||
| 952 | |0 0 |1 0 |2 ddc |4 0 |6 372_600000000000000 |7 0 |8 300 |9 106646 |a qbu |b qbu |c D2 |d 2016-04-11 |g 28900 |o 372.6 |p 11867.c10 |w 2016-04-11 |y STK |0 0 |6 372_600000000000000 |0 0 |6 495_922000000000000_H561D | ||
| 952 | |0 0 |1 0 |2 ddc |4 0 |6 372_600000000000000 |7 0 |8 300 |9 106647 |a qbu |b qbu |c D2 |d 2016-04-11 |g 28900 |o 372.6 |p 11867.c11 |w 2016-04-11 |y STK |0 0 |6 372_600000000000000 |0 0 |6 495_922000000000000_H561D | ||
| 952 | |0 0 |1 0 |2 ddc |4 0 |6 372_600000000000000 |7 0 |8 300 |9 106648 |a qbu |b qbu |c D2 |d 2016-04-11 |g 28900 |o 372.6 |p 11867.c12 |w 2016-04-11 |y STK |0 0 |6 372_600000000000000 |0 0 |6 495_922000000000000_H561D | ||
| 952 | |0 0 |1 0 |2 ddc |4 0 |6 372_600000000000000 |7 0 |8 300 |9 106649 |a qbu |b qbu |c D2 |d 2016-04-11 |g 28900 |o 372.6 |p 11867.c13 |w 2016-04-11 |y STK |0 0 |6 372_600000000000000 |0 0 |6 495_922000000000000_H561D | ||
| 952 | |0 0 |1 0 |2 ddc |4 0 |6 372_600000000000000 |7 0 |8 300 |9 106650 |a qbu |b qbu |c D2 |d 2016-04-11 |g 28900 |o 372.6 |p 11867.c14 |w 2016-04-11 |y STK |0 0 |6 372_600000000000000 |0 0 |6 495_922000000000000_H561D | ||
| 952 | |0 0 |1 0 |2 ddc |4 0 |6 372_600000000000000 |7 0 |8 300 |9 106651 |a qbu |b qbu |c D2 |d 2016-04-11 |g 28900 |l 3 |m 2 |o 372.6 |p 11867.c15 |r 2017-12-29 |s 2017-09-22 |w 2016-04-11 |y STK |0 0 |6 372_600000000000000 |0 0 |6 495_922000000000000_H561D | ||
| 952 | |0 0 |1 0 |2 ddc |4 0 |6 372_600000000000000 |7 0 |8 300 |9 106652 |a qbu |b qbu |c D2 |d 2016-04-11 |g 28900 |o 372.6 |p 11867.c16 |w 2016-04-11 |y STK |0 0 |6 372_600000000000000 |0 0 |6 495_922000000000000_H561D | ||
| 952 | |0 0 |1 0 |2 ddc |4 0 |6 372_600000000000000 |7 0 |8 300 |9 106653 |a qbu |b qbu |c D2 |d 2016-04-11 |g 28900 |l 2 |o 372.6 |p 11867.c17 |r 2018-05-03 |s 2018-03-02 |w 2016-04-11 |y STK |0 0 |6 372_600000000000000 |0 0 |6 495_922000000000000_H561D | ||
| 952 | |0 0 |1 0 |2 ddc |4 0 |6 372_600000000000000 |7 0 |8 300 |9 106654 |a qbu |b qbu |c D2 |d 2016-04-11 |g 28900 |o 372.6 |p 11867.c18 |w 2016-04-11 |y STK |0 0 |6 372_600000000000000 |0 0 |6 495_922000000000000_H561D | ||
| 952 | |0 0 |1 0 |2 ddc |4 0 |6 372_600000000000000 |7 0 |8 300 |9 106655 |a qbu |b qbu |c D2 |d 2016-04-11 |g 28900 |o 372.6 |p 11867.c19 |w 2016-04-11 |y STK |0 0 |6 372_600000000000000 |0 0 |6 495_922000000000000_H561D | ||
| 952 | |0 0 |1 0 |2 ddc |4 0 |6 372_600000000000000 |7 0 |8 300 |9 106656 |a qbu |b qbu |c D2 |d 2016-04-11 |g 28900 |o 372.6 |p 11867.c20 |w 2016-04-11 |y STK |0 0 |6 372_600000000000000 |0 0 |6 495_922000000000000_H561D | ||
| 952 | |0 0 |1 0 |2 ddc |4 0 |6 372_600000000000000 |7 0 |8 300 |9 106657 |a qbu |b qbu |c D2 |d 2016-04-11 |g 28900 |o 372.6 |p 11867.c21 |w 2016-04-11 |y STK |0 0 |6 372_600000000000000 |0 0 |6 495_922000000000000_H561D | ||
| 952 | |0 0 |1 0 |2 ddc |4 0 |6 372_600000000000000 |7 0 |8 300 |9 106658 |a qbu |b qbu |c D2 |d 2016-04-11 |g 28900 |o 372.6 |p 11867.c22 |w 2016-04-11 |y STK |0 0 |6 372_600000000000000 |0 0 |6 495_922000000000000_H561D | ||
| 952 | |0 0 |1 0 |2 ddc |4 0 |6 372_600000000000000 |7 0 |8 300 |9 106659 |a qbu |b qbu |c D2 |d 2016-04-11 |g 28900 |o 372.6 |p 11867.c23 |w 2016-04-11 |y STK |0 0 |6 372_600000000000000 |0 0 |6 495_922000000000000_H561D | ||
| 952 | |0 0 |1 0 |2 ddc |4 0 |6 372_600000000000000 |7 0 |8 300 |9 106660 |a qbu |b qbu |c D2 |d 2016-04-11 |g 28900 |o 372.6 |p 11867.c24 |w 2016-04-11 |y STK |0 0 |6 372_600000000000000 |0 0 |6 495_922000000000000_H561D | ||
| 952 | |0 0 |1 0 |2 ddc |4 0 |6 372_600000000000000 |7 0 |8 300 |9 106661 |a qbu |b qbu |c D2 |d 2016-04-11 |g 28900 |o 372.6 |p 11867.c25 |w 2016-04-11 |y STK |0 0 |6 372_600000000000000 |0 0 |6 495_922000000000000_H561D | ||
| 952 | |0 0 |1 0 |2 ddc |4 0 |6 372_600000000000000 |7 0 |8 300 |9 106662 |a qbu |b qbu |c D2 |d 2016-04-11 |g 28900 |o 372.6 |p 11867.c26 |w 2016-04-11 |y STK |0 0 |6 372_600000000000000 |0 0 |6 495_922000000000000_H561D | ||
| 952 | |0 0 |1 0 |2 ddc |4 0 |6 372_600000000000000 |7 0 |8 300 |9 106663 |a qbu |b qbu |c D2 |d 2016-04-11 |g 28900 |l 1 |o 372.6 |p 11867.c27 |r 2017-04-26 |s 2017-04-24 |w 2016-04-11 |y STK |0 0 |6 372_600000000000000 |0 0 |6 495_922000000000000_H561D | ||
| 952 | |0 0 |1 0 |2 ddc |4 0 |6 372_600000000000000 |7 0 |8 300 |9 106664 |a qbu |b qbu |c D2 |d 2016-04-11 |g 28900 |o 372.6 |p 11867.c28 |w 2016-04-11 |y STK |0 0 |6 372_600000000000000 |0 0 |6 495_922000000000000_H561D | ||
| 952 | |0 0 |1 0 |2 ddc |4 0 |6 372_600000000000000 |7 0 |8 300 |9 106665 |a qbu |b qbu |c D2 |d 2016-04-11 |g 28900 |o 372.6 |p 11867.c29 |w 2016-04-11 |y STK |0 0 |6 372_600000000000000 |0 0 |6 495_922000000000000_H561D | ||
| 952 | |0 0 |1 0 |2 ddc |4 0 |6 372_600000000000000 |7 0 |8 300 |9 106666 |a qbu |b qbu |c D2 |d 2016-04-11 |g 28900 |o 372.6 |p 11867.c30 |w 2016-04-11 |y STK |0 0 |6 372_600000000000000 |0 0 |6 495_922000000000000_H561D | ||